Lumieres de l'utopie

Αποθηκεύτηκε σε:
Λεπτομέρειες βιβλιογραφικής εγγραφής
Κύριος συγγραφέας: Baczko, Bronisaw
Μορφή: Βιβλίο
Γλώσσα:French
Δημοσίευση: Paris : Payot, 1978
Σειρά:Critique de la politique
Θέματα:
Ετικέτες: Προσθήκη ετικέτας
Δεν υπάρχουν, Καταχωρήστε ετικέτα πρώτοι!

MARC

LEADER 00000nam a2200000 i 4500
001 1/81589
008 970423s1978 fre d
020 |a 2-228-52210-4 
035 |l 10005334 
040 |a GR-MY-UA  |b gre  |e aacr 
041 0 |a fre 
082 0 |a 335.02 
100 1 |a Baczko, Bronisaw. 
245 1 0 |a Lumieres de l'utopie /  |c Bronislaw Baczko 
260 |a Paris :   |b Payot,   |c 1978 
300 |a 416 p., [8] p. of plates;  |c 23 cm 
490 1 |a Critique de la politique 
504 |a Includes bibliographical references 
650 0 0 |a Utopias  |x History. 
830 0 |a Critique de la politique 
852 |a INST  |b LESVOS  |e 19970423  |h 335.02 BAC  |p 005100011428  |q 005100011428  |t BK  |y 0 
909 |a Λ  |b 007266